Online
Catalog

Administración práctica de bibliotecas públicas / (Record no. 25611)

MARC details
000 -CABECERA
campo de control de longitud fija 00903nam a2200265 a 4500
001 - NÚMERO DE CONTROL
campo de control 000026119
003 - IDENTIFICADOR DEL NÚMERO DE CONTROL
campo de control OSt
005 - FECHA Y HORA DE LA ÚLTIMA TRANSACCIÓN
campo de control 20200930024322.0
008 - DATOS DE LONGITUD FIJA--INFORMACIÓN GENERAL
campo de control de longitud fija 110301s1970 mx r 001 0 spa d
040 ## - FUENTE DE LA CATALOGACIÓN
Centro catalogador/agencia de origen DO-SdBNP
Lengua de catalogación spa
Centro/agencia transcriptor BNPHU
082 ## - NÚMERO DE LA CLASIFICACIÓN DECIMAL DEWEY
Número de clasificación 025.1
Número de documento/Ítem W562a
100 1# - ENTRADA PRINCIPAL--NOMBRE DE PERSONA
Nombre de persona Wheeler, Joseph L.
9 (RLIN) 53075
245 10 - MENCIÓN DE TÍTULO
Título Administración práctica de bibliotecas públicas /
Mención de responsabilidad, etc. Joseph L. Wheeler y Herbert Goldhor ; traducción de Agustín Contín.
260 ## - PUBLICACIÓN, DISTRIBUCIÓN, ETC.
Lugar de publicación, distribución, etc. México, D. F. :
Nombre del editor, distribuidor, etc. Fondo de Cultura Económica,
Fecha de publicación, distribución, etc. 1970.
300 ## - DESCRIPCIÓN FÍSICA
Extensión 603 p. ;
Dimensiones 24 cm.
490 1# - MENCIÓN DE SERIE
Mención de serie Sección de Obras de Economía
500 ## - NOTA GENERAL
Nota general Incluye índice analítico
590 ## - NOTA LOCAL (RLIN)
Nota local Inventariado, 2020/ YL
650 #4 - PUNTO DE ACCESO ADICIONAL DE MATERIA--TÉRMINO DE MATERIA
Término de materia o nombre geográfico como elemento de entrada Biblioteca
Subdivisión general Administración
9 (RLIN) 53076
700 1# - PUNTO DE ACCESO ADICIONAL--NOMBRE DE PERSONA
Nombre de persona Goldhor, Herbert.
9 (RLIN) 53077
700 1# - PUNTO DE ACCESO ADICIONAL--NOMBRE DE PERSONA
Nombre de persona Contín, Agustín,
Término indicativo de función/relación tr.
9 (RLIN) 45783
830 ## - PUNTO DE ACCESO ADICIONAL DE SERIE-TÍTULO UNIFORME
Título uniforme Sección de obras de economía
9 (RLIN) 30599
910 ## - DATOS DE OPCIÓN DEL USUARIO (OCLC)
Datos de opción del usuario En proceso
942 ## - ELEMENTOS DE PUNTO DE ACCESO ADICIONAL (KOHA)
Fuente del sistema de clasificación o colocación Dewey Decimal Classification
Tipo de ítem Koha Libros y folletos
Holdings
Estado de retiro Estado de pérdida Fuente del sistema de clasificación o colocación No para préstamo Código de colección Localización permanente Ubicación/localización actual Ubicación en estantería Fecha de adquisición Fuente de adquisición Número de inventario Total de préstamos Signatura topográfica completa Código de barras Fecha visto por última vez Precio válido a partir de Tipo de ítem Koha Número de copia Restricciones de uso
    Dewey Decimal Classification   Monografías: Libros y Folletos General General En catalogación 01.03.2011 Obsequio LF1   025.1 W562a 26119-10 25.06.2020 25.06.2020 Préstamo en sala    
    Dewey Decimal Classification Préstamo restrigido Monografías: Libros y Folletos General General En catalogación 01.03.2011 Obsequio LF1   025.1 W562a 26119-20 25.06.2020 25.06.2020 Préstamo en sala e. 2  
  Extraviado Dewey Decimal Classification Excluido de préstamo Monografías: Libros y Folletos General General Extraviado 11.04.2017   LF1   025.1 W562a 26119-30 25.06.2020 25.06.2020 No se presta e. 3  

Powered by Koha